000 01223nam a22002897i 4500
003 URS
005 20240412231311.0
008 170113b xxu||||| |||| 00| 0 eng d
050 1 4 _aHD9869.F32
_bC8174 2015
245 0 0 _aEstablishment of fabric and sewing materials shop in Barangay Sampaloc, Tanay, Rizal /
_cCherri Lou T. Corpuz, Michael Jhon Ranier D.G. Figueroa, Rhenmae Marie A. Rapada, Kimberly P. Recodo
260 1 _c2015.
300 _axxi, 154 leaves :
_billustrations ;
_c28 cm
336 _2rdacontent
_atext
337 _2rdamedia
_aunmediated
338 _2rdacarrier
_avolume
502 _aFeasibility study
_bBachelor of Science in Business Administration
_cUniversity of Rizal System-Tanay
_d2015
504 _aIncludes bibliographical references
650 0 _aFabric shops
_zPhilippines
_zTanay (Rizal)
650 0 _aSewing
_xEquipment and supplies
700 1 _aCorpuz, Cherri Lou T.
_eauthor
700 1 _aD.G. Figueroa, Michael Jhon Ranier
_eauthor
700 1 _aRapada, Rhenmae Marie A.
_eauthor
700 1 _aRecodo, Kimberly P.
_eauthor
700 1 _aDizon, Ailey B.
_eadviser
856 _3Online Request for Student Unpublished Works
_uhttps://forms.gle/7LqvGGkaDrUQqz429
942 _2lcc
_cT
999 _c72991
_d72990